000 00789nam a2200217Ia 4500
003 GCL
008 140319s9999 xx 000 0 ara d
040 _aGCL /
_cGCL
082 0 4 _a692
_bم ق
100 1 _aمحمد ماجد عباس خلوصى
245 1 0 _aالقياسات المبدئية والاسعار لمواد البناء ملحق كتاب الكميات والمواصفات لاعمال المبانى /
_cمحمد ماجد عباس خلوصى
260 _a[S.N] :
_bلجنة الاعلام والدراسات المستقبلية ،
_c1990
300 _a359 ص
490 _a
650 0 4 _aالخرسانة المسلحة
650 0 4 _aالمبانى
650 0 4 _aالبناء
650 0 4 _aمواد البناء
650 0 4 _aالاخشاب
942 _2ddc
_cBK
999 _c52566
_d52566